Fast Typing Squared Numbers - Statistics

General Stats
  • This quiz has been taken 32 times
  • The average score is 16 of 20
Answer Stats
Hint Answer % Correct
1 squared 1
100%
4 squared 16
96%
2 squared 4
96%
10 squared 100
92%
11 squared 121
92%
5 squared 25
92%
6 squared 36
92%
7 squared 49
92%
8 squared 64
92%
9 squared 81
92%
3 squared 9
92%
12 squared 144
88%
13 squared 169
79%
20 squared 400
71%
15 squared 225
67%
14 squared 196
63%
16 squared 256
63%
17 squared 289
50%
18 squared 324
46%
19 squared 361
42%
No matching quizzes found
Score Distribution
Percent of People with Each Score
Percentile by Number Answered
Your Score History
You have not taken this quiz